1848 1937 1757 1417 1553 1077 1653 1572 1756 1927 1327 1055 1267 1932 1749 1930 1202 1075 1146 1997 1322 1807 1281 1865 1909 1476 1685 1304 1398 1738 1479 1744 1534 1640 1312 1379 1710 1609 1564 1027 1264 1708 1035 1902 1247 1580 1307 1408 1143 1521 1685 1089 1086 1385 1172 1122 1918 1385 1843 1386 1927 1816 1291 1074 1271 1890 1496 1350 1679 1232 1149 1286 1185 1019 1959 1116 1372 1117 1155 1097 1788 1383 1968 1865 1469 1497 1451 1684 1455 1664 1108 1297 1713 1144 1606 1295 1230 1677 1411 BCNSPRNW ULIB Ver.6.0+V

เปลี่ยนเป็นภาษาไทย

Change to English
 แสดงรายละเอียดบรรณานุกรม
  กลับหน้าหลัก

Brief Record : Get Marc (ISO 2709) : E-mail record : QR code < ปิดหน้าต่าง
LEADER : 00000nam 2200000uu 4500
001    13399110157
003     ULIB
008    110424s2552||||th 000 0 tha d
020    9786119031302
050  4 BF637.T68^bอ624ภ 2552
100 0  อานันท์ ชินบุตร
245 10 ภาษาจิตเพื่อสุขภาพ:วิธีการโปรแกรมจิตเพื่อสุขภาพที่ดี=^nNPL:Neuro-linguistic programming for health /^cอานันท์ ชินบุตร
246     NPL:Neuro-linguistic programming for health
260    กรุงเทพฯ :^bพาวเวอร์ฟูล ไลฟ์,^c2552
300    157หน้า ;^c21 ซม.
650  7 พลังจิต
945    ^p155^l0^i18138
995    เกษร
999 ^a ใช้งานได้ทุกระบบ
รายการนี้ยังไม่มีแท็ก
คุณยังไม่ได้ล็อกอิน คุณสามารถมีกิจกรรมร่วมกับเว็บไซต์ได้ แต่ต้องล็อกอินก่อน ::
  ล็อกอิน

รายการสื่อสารสนเทศ

ลำดับที่ ประเภท เลขเรียก/บาร์โค้ด สถานที่ สถานะ
1. วิทยาศาสตร์การแพทย์ และสุขภาพ
วิทยาศาสตร์การแพทย์ และสุขภาพ
BF637.T68 อ624ภ 2552  
  Barcode: 18138
ห้องสมุดวิทยาเขตสวรรค์ประชารักษ์
►หนังสือทั่วไป
บนชั้น

รายการใกล้เคียง
    ผู้แต่ง [อานันท์ ชินบุตร]

    หัวเรื่อง [พลังจิต]

BibComment


ยังไม่เคยถูกคอมเมนท์

คอมเมนท์ทรัพยากรรายการนี้
  คอมเมนท์: ภาษาจิตเพื่อสุขภา..


 Copyright 2026. Bcnsprnw @Library